000
00291nam a2200097Ia 4500
008
241105s9999 xx 000 0 und d
041
_a
eng
100
_a
Bhosle Shraddha
_9
183174
245
_a
Carbon Footprint Impact Assessment Of Pune Metro Rail Project
260
_b
BNCA M Arch EA, Pune
_c
2017
999
_c
361469
_d
361469